|
|
|
|
| LEADER |
01154nam a2200277 a 4500 |
| 001 |
18955 |
| 003 |
BD-DhAAL |
| 008 |
920221s1992 cou b 001 0 eng d |
| 010 |
|
|
|a 92006420
|
| 020 |
|
|
|a 0813381037
|
| 040 |
|
|
|a DLC
|c DLC
|d DLC
|d BD-DhAAL
|
| 082 |
0 |
0 |
|a 305.420954
|2 20
|
| 100 |
1 |
|
|a Calman, Leslie J.
|9 54764
|
| 245 |
1 |
0 |
|a Toward empowerment :
|b women and movement politics in India /
|c Leslie J. Calman.
|
| 260 |
|
|
|a Boulder :
|b Westview Press,
|c 1992.
|
| 300 |
|
|
|a xxiii, 230 pages ;
|c 24 cm.
|
| 504 |
|
|
|a Includes bibliographical references (pages 205-214) and index.
|
| 541 |
1 |
|
|e 18955
|
| 650 |
|
0 |
|a Feminism
|z India.
|
| 650 |
|
0 |
|a Women in politics
|z India.
|9 54765
|
| 650 |
|
0 |
|a Women
|z India
|x Social conditions.
|
| 852 |
4 |
|
|a Ayesha Abed Library
|c General Stacks
|
| 942 |
|
|
|2 ddc
|c BK
|
| 999 |
|
|
|c 2944
|d 2944
|
| 952 |
|
|
|0 0
|1 0
|2 ddc
|4 0
|6 305_420000000000000_0954_CAL
|7 0
|9 2660
|a BIGD
|b BIGD
|c GEN
|d 2009-08-18
|l 0
|o 305.420954 CAL
|p 3050018955
|r 2009-08-18
|t 1
|w 2009-08-18
|y BK
|x Transferred from BDI to BIGD.
|
| 952 |
|
|
|0 0
|1 0
|2 ddc
|4 0
|6 305_420954000000000_CAL
|7 0
|9 24155
|a SCL
|b SCL
|c GEN
|d 1999-01-25
|l 0
|o 305.420954 CAL
|p 3020001366
|r 2014-04-21
|t 2
|w 2014-04-21
|y BK
|